Antropología: una nueva visión

Guardat en:
Dades bibliogràfiques
Autor principal: Tax, Sol (Autor)
Format: Llibre
Idioma:espanyol
Publicat: Cali Norma 1964
Matèries:
Etiquetes: Afegir etiqueta
Sense etiquetes, Sigues el primer a etiquetar aquest registre!

MARC

LEADER 00000nam a2200000 a 4500
001 UCR9261
003 CL-VaPUC
008 980613e19640000CK |||||||||||||||||spa|d
082 0 4 |a 301  |b TAX  |2 21 
100 0 |a Tax, Sol  |e author  |9 411590 
245 1 0 |a Antropología: una nueva visión 
300 |a 334 p 
942 |c BK 
945 |d 19980613 00:00:00  |a cmena 
260 |a Cali  |b Norma  |c 1964 
650 0 |a Antropología   |9 233030 
650 0 |a Cambio social   |9 256857 
650 0 |a Evolución  |9 259442 
650 0 |a Medio ambiente  |9 257625 
650 0 |a Antropología cultural y social   |9 265143 
650 0 |a Ciencias Políticas  |9 255201 
650 0 |a Religión   |9 255164 
583 |a last modification  |c 19980613 00:00:00  |k Rodrigo Vera 
999 |c 270463  |d 270461 
952 |0 0  |1 0  |4 0  |6 301_000000000000000_TAX_1964  |7 0  |8 P  |9 304768  |a BIBENE  |b BIBENE  |d 2019-11-20  |i 1415379  |o 301 TAX 1964  |p 1415379  |r 2025-01-15  |w 2019-11-20  |y BK  |k ICO